000 00666nam a2200229Ia 4500
003 OSt
005 20220926014934.0
006 a|||||r|||| 00| 0
007 ta
008 220923b |||||||| |||| 00| 0 eng d
037 _cGeneral Book
040 _aRTL
_cRTL
_beng
041 _2eng
_aeng
082 _aX65:8:(S:44), L0
100 _aBacker Morton
_9317009
245 0 _aFinancial reporting for security investment and cr
260 _aNew York
_bNational Association of Accountants U S A
_c1970
300 _axii, 271p.
_ccm.
650 _aInvestment
942 _hX65:8:(S:44), L0
_cGB
_2CC
999 _c630204
_d630204